000 00247nam a2200097Ia 4500
001 806714
005 20250826171217.0
008 250824s9999 xx 000 0 und d
245 0 _aÖLÜM DİKEN SÜTÜNDE
_cAGATHA CHRISTIE
260 _bALTIN YAYINLARI
999 _c806714
_d806714